000 00865nam a2200229 a 4500
001 000026186
005 20200930024356.0
008 110303s1981 mx a r 000 0 spa d
040 _aDO-SdBNP
_bspa
_cBNPHU
041 1 7 _aspa
_heng
_2Código de idioma MARC
082 _aNNN
_bO41c
100 1 _aOkun, Arthur M.
_dO41c
_953196
240 1 0 _aCuring chronic inflation.
_lEspañol.
245 1 0 _aCuración de la inflación crónica /
_cArthur M. Okun y George L. Perry ; traducción al español de Carlos Villegas García ; prefacio Bruce K. MacLaury.
260 _aMeéxico, D. F. :
_bNOEMA,
_c1981.
300 _a247, [1] p. :
_bil. ;
_c21 cm.
534 _aTítulo de la obra en inglés:
_tCuring chronic inflation.
700 1 _aPerry, George L.
_953197
700 1 _aVillegas García, Carlos
_etr.
_947034
700 1 _aMacLaury, Bruce K.
_953198
049 _aBNPHU
999 _c25678
_d25678